Pieces of Me - Ashlee Simpson (All Lyrics) - Statistics

General Stats
  • This quiz has been taken 11 times
    10 since last reset
  • The average score is 240 of 313
Answer Stats
Lyrics % Correct
I
100%
it
100%
me
100%
of
100%
a
88%
All
88%
all
88%
am
88%
Am
88%
And
88%
and
88%
Monday,
88%
Oh,
88%
On
88%
on
88%
pieces,
88%
pieces
88%
so
88%
So
88%
the
88%
Tuesday,
88%
waiting
88%
Wednesday,
88%
you
88%
better
75%
by
75%
can
75%
can't
75%
care
75%
myself
75%
that
75%
ever
75%
fading
75%
Fall,
75%
fall
75%
fast
75%
feels
75%
finally
75%
hear
75%
how
75%
How
75%
is
75%
it's
75%
knew
75%
know
75%
know?
75%
like
75%
love
75%
my
75%
myself
75%
real
75%
seem
75%
tell
75%
Than
75%
that
75%
Then
75%
to
75%
When
75%
your
75%
as
63%
breath
63%
breathe
63%
catch
63%
clear
63%
come
63%
darkness
63%
do
63%
get
63%
hardly
63%
head
63%
if
63%
I'm
63%
never
63%
phone
63%
rescue
63%
Rest
63%
rings,
63%
view
63%
way
63%
with
63%
about
50%
angry,
50%
arms
50%
'Cause
50%
hope
50%
Into
50%
lasts
50%
listen
50%
Make
50%
moody
50%
obvious?
50%
say
50%
seems
50%
sleep
50%
something
50%
there
50%
Yeah
50%
You're
50%
you've
50%
away
38%
bottom
38%
Everything
38%
face
38%
goes
38%
have
38%
hit
38%
restless
38%
senseless
38%
sometimes
38%
written
38%
crash
25%
'til
25%
happy,
25%
messy
25%
mission
25%
stop
25%
won't
25%
No matching quizzes found
Score Distribution
Percent of People with Each Score
Percentile by Number Answered
Your Score History
You have not taken this quiz since the last reset